| 000 | 01767cam a2200385 a 4500 | ||
|---|---|---|---|
| 001 | 8287654 | ||
| 003 | OSt | ||
| 005 | 20180117090007.0 | ||
| 008 | 100521s2011 maua b 001 0 eng | ||
| 010 | _a 2010021204 | ||
| 020 | _a9780205782147 | ||
| 020 | _a0205782140 | ||
| 020 | _a9780205807994 (pbk.) | ||
| 020 | _a0205807992 (pbk.) | ||
| 024 | _a99940601923 | ||
| 035 | _a(OCoLC)ocn620302854 | ||
| 035 |
_a(OCoLC)620302854 _z(OCoLC)471787029 |
||
| 035 | _a(NNC)8287654 | ||
| 040 |
_aDLC _cDLC _dYDX _dBTCTA _dUKM _dYDXCP |
||
| 050 | 0 | 0 |
_aBF176 _b.G74 2011 |
| 082 | 0 | 0 |
_a150.28/7 _222 |
| 100 | 1 |
_aGregory, Robert J., _d1943- |
|
| 245 | 1 | 0 |
_aPsychological testing : _bhistory, principles, and applications / _cRobert J. Gregory. |
| 250 | _a6th ed. | ||
| 260 |
_aBoston : _bAllyn & Bacon, _cc2011. |
||
| 300 |
_axx, 672 p. : _bill. ; _c24 cm. |
||
| 504 | _aIncludes bibliographical references and index. | ||
| 505 | 0 | _aApplications and consequences of psychological testing -- The history of psychological testing -- Norms and reliability -- Validity and test development -- Theories and individual tests of intelligence and achievement -- Group tests and controversies in ability testing -- Testing special populations -- Origins of personality testing -- Assessment of normality and human strengths -- Neuropsychological assessment and screening -- Industrial, occupational, and forensic assessment -- Legal issues and the future of testing. | |
| 650 | 0 | _aPsychological tests. | |
| 650 | 0 |
_aPsychological tests _xHistory. |
|
| 942 |
_2ddc _cBK |
||
| 948 | 1 |
_a20110121 _bc _crad1 _dMPS |
|
| 999 |
_c3483 _d3483 |
||